000 00776nam a2200217 i 4500
001 85399
003 ES-MaACL
005 20230906175233.0
007 t|
008 041129s1915 sp ||||1| spa d
080 _a343.85
100 1 _aJiménez de Asúa, Luis,
_d1889-1970
_966491
245 1 3 _aLa recompensa como prevención general
_b: el derecho premial /
_cLuis Jiménez de Asúa.
260 _aMadrid :
_b[Revista de Legislación,
_c1915]
300 _a74 p. ;
_c22 cm.
490 1 _aBiblioteca de la Revista de Legislación y Jurisprudencia ;
_v4
650 4 _aPrevención (Derecho penal)
_9146055
830 0 _aBiblioteca de la Revista de Legislación y Jurisprudencia ;
_v4
_9231712
852 _aES-MaACL
_j1677-F-1
_bR.4737
999 _c85399
_d85399